[Event "Blitz 2018"]
[Site "Saint-Petersburg"]
[Date "2018.12.29"]
[Round "11"]
[Board "6"]
[White "Svidler Peter (RUS)"]
[Black "Adly Ahmed (EGY)"]
[Result "1-0"]
[LiveChessVersion "1.4.8"]
[BlackElo "2675"]
[WhiteElo "2770"]

1. e4 {[%clk 0:03:03]} c5 {[%clk 0:03:03]} 2. Nf3 {[%clk 0:03:04]} d6
{[%clk 0:03:04]} 3. Bb5+ {[%clk 0:03:05]} Bd7 {[%clk 0:03:05]} 4. c4
{[%clk 0:03:02]} g6 {[%clk 0:03:02]} 5. Nc3 {[%clk 0:02:58]} Bg7 {[%clk 0:03:03]}
6. d4 {[%clk 0:02:58]} Bxb5 {[%clk 0:02:55]} 7. cxb5 {[%clk 0:02:58]} Nd7
{[%clk 0:02:48]} 8. O-O {[%clk 0:02:57]} cxd4 {[%clk 0:02:48]} 9. Nxd4
{[%clk 0:02:58]} Ngf6 {[%clk 0:02:46]} 10. Be3 {[%clk 0:02:56]} O-O
{[%clk 0:02:45]} 11. Rc1 {[%clk 0:02:51]} Ne5 {[%clk 0:02:17]} 12. Qe2
{[%clk 0:02:48]} Qd7 {[%clk 0:02:10]} 13. h3 {[%clk 0:02:39]} Rfc8
{[%clk 0:02:07]} 14. b3 {[%clk 0:02:12]} Qe8 {[%clk 0:01:47]} 15. Rfd1
{[%clk 0:01:58]} Rc7 {[%clk 0:01:31]} 16. Nf3 {[%clk 0:01:05]} Nxf3+
{[%clk 0:01:05]} 17. Qxf3 {[%clk 0:01:06]} Rac8 {[%clk 0:00:58]} 18. Bxa7
{[%clk 0:01:04]} Nd7 {[%clk 0:00:29]} 19. Ne2 {[%clk 0:00:58]} b6
{[%clk 0:00:28]} 20. Bxb6 {[%clk 0:00:51]} Nxb6 21. a4 Nd7 {[%clk 0:00:23]} 22.
Qe3 {[%clk 0:00:50]} Rc2 {[%clk 0:00:20]} 23. Rxc2 {[%clk 0:00:50]} Rxc2
{[%clk 0:00:21]} 24. Nd4 {[%clk 0:00:48]} Rc5 {[%clk 0:00:16]} 25. Nc6
{[%clk 0:00:42]} Nb8 {[%clk 0:00:17]} 26. Qxc5 {[%clk 0:00:37]} dxc5
{[%clk 0:00:18]} 27. Rd8 {[%clk 0:00:39]} Qxd8 {[%clk 0:00:18]} 28. Nxd8
{[%clk 0:00:40]} Bc3 {[%clk 0:00:12]} 29. Nb7 {[%clk 0:00:35]} Nd7
{[%clk 0:00:12]} 30. a5 {[%clk 0:00:36]} Kf8 {[%clk 0:00:13]} 31. Kf1
{[%clk 0:00:35]} Ke8 {[%clk 0:00:13]} 32. Ke2 {[%clk 0:00:36]} Bb4
{[%clk 0:00:14]} 33. f4 {[%clk 0:00:35]} Nb8 {[%clk 0:00:11]} 34. a6
{[%clk 0:00:32]} Nd7 {[%clk 0:00:13]} 35. Kd3 {[%clk 0:00:28]} Nb6
{[%clk 0:00:13]} 36. e5 {[%clk 0:00:29]} Kd7 {[%clk 0:00:13]} 37. g4
{[%clk 0:00:28]} f5 {[%clk 0:00:13]} 38. exf6 {[%clk 0:00:28]} exf6
{[%clk 0:00:13]} 39. f5 {[%clk 0:00:29]} gxf5 {[%clk 0:00:13]} 40. gxf5
{[%clk 0:00:29]} Kc7 {[%clk 0:00:14]} 41. Ke4 {[%clk 0:00:28]} Ba3
{[%clk 0:00:07]} 42. Na5 {[%clk 0:00:29]} Bb4 {[%clk 0:00:08]} 43. Nc4
{[%clk 0:00:28]} Nc8 {[%clk 0:00:06]} 44. Kd5 {[%clk 0:00:29]} Be1
{[%clk 0:00:05]} 45. Ke6 {[%clk 0:00:28]} Bc3 {[%clk 0:00:06]} 46. a7
{[%clk 0:00:25]} Kb7 {[%clk 0:00:06]} 47. b6 {[%clk 0:00:26]} Bd4
{[%clk 0:00:07]} 48. Kd7 {[%clk 0:00:26]} Bg1 49. a8=Q+ {[%clk 0:00:25]} Kxa8
{[%clk 0:00:07]} 50. Kxc8 {[%clk 0:00:26]} 1-0

[Event "Blitz 2018"]
[Site "Saint-Petersburg"]
[Date "2018.12.29"]
[Round "11"]
[Board "7"]
[White "Zhigalko Sergei (BLR)"]
[Black "Karjakin Sergey (RUS)"]
[Result "0-1"]
[LiveChessVersion "1.4.8"]
[BlackElo "2759"]
[WhiteElo "2693"]

1. e4 {[%clk 0:03:03]} e5 {[%clk 0:03:03]} 2. Nf3 {[%clk 0:03:04]} Nc6
{[%clk 0:03:05]} 3. Bb5 {[%clk 0:03:05]} Nf6 {[%clk 0:03:05]} 4. d3
{[%clk 0:03:06]} Bc5 {[%clk 0:03:05]} 5. Bxc6 {[%clk 0:03:06]} dxc6
{[%clk 0:03:06]} 6. Nbd2 {[%clk 0:03:07]} O-O {[%clk 0:03:04]} 7. O-O
{[%clk 0:03:05]} Re8 {[%clk 0:03:00]} 8. Nc4 {[%clk 0:03:01]} Nd7
{[%clk 0:03:01]} 9. Be3 {[%clk 0:02:57]} f6 {[%clk 0:03:01]} 10. h3
{[%clk 0:02:53]} a5 {[%clk 0:03:01]} 11. a4 {[%clk 0:02:49]} b6 {[%clk 0:03:02]}
12. Nfd2 {[%clk 0:02:46]} Bb4 {[%clk 0:02:50]} 13. f4 {[%clk 0:02:39]} exf4
{[%clk 0:02:50]} 14. Bxf4 {[%clk 0:02:38]} Nf8 {[%clk 0:02:44]} 15. c3
{[%clk 0:02:10]} Be7 {[%clk 0:02:45]} 16. d4 {[%clk 0:02:06]} Ng6
{[%clk 0:02:46]} 17. Bh2 {[%clk 0:01:59]} Be6 {[%clk 0:02:46]} 18. Kh1
{[%clk 0:01:56]} Bd6 {[%clk 0:02:31]} 19. Nxd6 {[%clk 0:01:54]} cxd6
{[%clk 0:02:32]} 20. Nf3 {[%clk 0:01:06]} Qd7 {[%clk 0:02:24]} 21. Qd2
{[%clk 0:00:45]} d5 {[%clk 0:01:53]} 22. e5 {[%clk 0:00:45]} f5 {[%clk 0:01:54]}
23. Ne1 {[%clk 0:00:33]} c5 {[%clk 0:01:28]} 24. Nd3 {[%clk 0:00:25]} Rac8
{[%clk 0:01:29]} 25. Bg1 {[%clk 0:00:24]} c4 {[%clk 0:01:22]} 26. Nf4
{[%clk 0:00:25]} Nxf4 {[%clk 0:01:22]} 27. Qxf4 {[%clk 0:00:21]} h6
{[%clk 0:01:23]} 28. h4 {[%clk 0:00:19]} Rf8 {[%clk 0:01:19]} 29. Be3
{[%clk 0:00:20]} Qe8 {[%clk 0:01:19]} 30. Qg3 {[%clk 0:00:19]} Kh7
{[%clk 0:01:18]} 31. Kg1 {[%clk 0:00:19]} Bd7 {[%clk 0:01:12]} 32. e6
{[%clk 0:00:08]} Qxe6 {[%clk 0:01:07]} 33. Bf4 {[%clk 0:00:09]} Rfe8
{[%clk 0:01:02]} 34. Be5 {[%clk 0:00:08]} Qf7 {[%clk 0:01:01]} 35. Rf2
{[%clk 0:00:08]} Rc6 {[%clk 0:01:00]} 36. Qf4 {[%clk 0:00:04]} Rg6
{[%clk 0:00:59]} 37. Rf3 {[%clk 0:00:05]} Ree6 {[%clk 0:00:47]} 38. Qxf5
{[%clk 0:00:04]} Ref6 {[%clk 0:00:45]} 39. Qxg6+ {[%clk 0:00:00]} 0-1

[Event "Blitz 2018"]
[Site "Saint-Petersburg"]
[Date "2018.12.29"]
[Round "11"]
[Board "8"]
[White "Mamedyarov Shakhriyar (AZE)"]
[Black "Amin Bassem (EGY)"]
[Result "1-0"]
[LiveChessVersion "1.4.8"]
[BlackElo "2659"]
[WhiteElo "2754"]

1. d4 {[%clk 0:03:03]} Nf6 {[%clk 0:03:02]} 2. Nf3 {[%clk 0:03:03]} e6
{[%clk 0:03:00]} 3. c4 {[%clk 0:03:04]} Bb4+ {[%clk 0:03:01]} 4. Bd2
{[%clk 0:03:03]} c5 {[%clk 0:03:02]} 5. g3 {[%clk 0:02:55]} Qb6 {[%clk 0:03:00]}
6. a3 {[%clk 0:02:22]} Bxd2+ {[%clk 0:02:58]} 7. Qxd2 {[%clk 0:02:23]} Nc6
{[%clk 0:02:38]} 8. e3 {[%clk 0:02:02]} d5 {[%clk 0:02:16]} 9. dxc5
{[%clk 0:01:59]} Qxc5 {[%clk 0:02:17]} 10. b4 {[%clk 0:01:57]} Qd6
{[%clk 0:02:03]} 11. Nc3 {[%clk 0:01:54]} O-O {[%clk 0:02:02]} 12. Bg2
{[%clk 0:01:45]} a5 {[%clk 0:02:00]} 13. b5 {[%clk 0:01:28]} Ne5 {[%clk 0:02:01]}
14. Nxe5 {[%clk 0:01:28]} Qxe5 {[%clk 0:02:02]} 15. cxd5 {[%clk 0:01:24]} Nxd5
{[%clk 0:01:21]} 16. Bxd5 {[%clk 0:01:11]} exd5 {[%clk 0:01:22]} 17. O-O
{[%clk 0:01:05]} Bh3 {[%clk 0:01:22]} 18. Rfc1 {[%clk 0:01:01]} Rad8
{[%clk 0:01:04]} 19. Ne2 {[%clk 0:00:47]} Qe4 {[%clk 0:00:59]} 20. Nf4
{[%clk 0:00:47]} Bg4 {[%clk 0:01:00]} 21. Qd4 {[%clk 0:00:42]} Bf3
{[%clk 0:00:42]} 22. Nd3 {[%clk 0:00:27]} Rfe8 {[%clk 0:00:38]} 23. Ne1
{[%clk 0:00:14]} Be2 {[%clk 0:00:36]} 24. a4 {[%clk 0:00:13]} Qf5
{[%clk 0:00:23]} 25. Rc2 {[%clk 0:00:09]} Bc4 {[%clk 0:00:24]} 26. Rd2
{[%clk 0:00:09]} Rc8 {[%clk 0:00:23]} 27. Qf4 {[%clk 0:00:08]} Qh3
{[%clk 0:00:22]} 28. Nf3 {[%clk 0:00:05]} Re4 {[%clk 0:00:18]} 29. Qxf7+
{[%clk 0:00:05]} Kxf7 {[%clk 0:00:15]} 30. Ng5+ {[%clk 0:00:07]} Kf6
{[%clk 0:00:12]} 31. Nxh3 {[%clk 0:00:08]} g5 {[%clk 0:00:13]} 32. Rc1
{[%clk 0:00:09]} Rd8 {[%clk 0:00:14]} 33. Rc3 {[%clk 0:00:06]} Kf5
{[%clk 0:00:11]} 34. f3 {[%clk 0:00:07]} Ree8 {[%clk 0:00:11]} 35. Nf2
{[%clk 0:00:08]} h5 {[%clk 0:00:11]} 36. e4+ {[%clk 0:00:08]} Kf6
{[%clk 0:00:09]} 37. Rd4 {[%clk 0:00:08]} Ba2 {[%clk 0:00:08]} 38. Rc2
{[%clk 0:00:08]} Bc4 {[%clk 0:00:06]} 39. Rcd2 {[%clk 0:00:07]} Rd7
{[%clk 0:00:05]} 40. Rxc4 {[%clk 0:00:07]} dxc4 {[%clk 0:00:04]} 41. Rxd7
{[%clk 0:00:08]} Rc8 {[%clk 0:00:05]} 42. Rd2 {[%clk 0:00:08]} c3
{[%clk 0:00:06]} 43. Rc2 {[%clk 0:00:09]} Ke5 {[%clk 0:00:07]} 44. Nd1
{[%clk 0:00:10]} Kd4 {[%clk 0:00:09]} 45. Rxc3 {[%clk 0:00:12]} Rxc3
{[%clk 0:00:10]} 46. Nxc3 {[%clk 0:00:13]} Kd5 1-0

[Event "Blitz 2018"]
[Site "Saint-Petersburg"]
[Date "2018.12.29"]
[Round "11"]
[Board "9"]
[White "Vitiugov Nikita (RUS)"]
[Black "Smirin Ilia (ISR)"]
[Result "1/2-1/2"]
[LiveChessVersion "1.4.8"]
[BlackElo "2582"]
[WhiteElo "2696"]

1. d4 {[%clk 0:03:03]} Nf6 {[%clk 0:03:03]} 2. Bg5 {[%clk 0:03:03]} Ne4
{[%clk 0:03:03]} 3. Bf4 {[%clk 0:03:04]} c5 {[%clk 0:03:03]} 4. f3
{[%clk 0:03:05]} Nf6 {[%clk 0:03:04]} 5. dxc5 {[%clk 0:03:02]} Nc6
{[%clk 0:03:01]} 6. e4 {[%clk 0:02:56]} b6 {[%clk 0:02:58]} 7. Nc3
{[%clk 0:02:52]} bxc5 {[%clk 0:02:56]} 8. Bc4 {[%clk 0:02:36]} d6
{[%clk 0:02:32]} 9. Nge2 {[%clk 0:02:12]} Bd7 {[%clk 0:02:19]} 10. Nd5
{[%clk 0:02:03]} e6 {[%clk 0:02:10]} 11. Nxf6+ {[%clk 0:01:57]} Qxf6
{[%clk 0:02:11]} 12. Bxd6 {[%clk 0:01:51]} Qxb2 {[%clk 0:01:22]} 13. Bxf8
{[%clk 0:01:40]} Qb4+ {[%clk 0:01:22]} 14. c3 {[%clk 0:01:29]} Qxc4
{[%clk 0:01:23]} 15. Bd6 {[%clk 0:01:23]} Rd8 {[%clk 0:01:21]} 16. Bc7
{[%clk 0:01:18]} Rc8 {[%clk 0:01:20]} 17. Bd6 {[%clk 0:01:10]} f6
{[%clk 0:01:20]} 18. Rb1 {[%clk 0:01:05]} Na5 {[%clk 0:01:11]} 19. O-O
{[%clk 0:01:03]} Kf7 {[%clk 0:01:09]} 20. Ng3 {[%clk 0:00:53]} Rhd8
{[%clk 0:01:09]} 21. e5 {[%clk 0:00:52]} f5 {[%clk 0:01:01]} 22. Qc1
{[%clk 0:00:52]} h6 {[%clk 0:00:51]} 23. Rf2 {[%clk 0:00:48]} Bc6
{[%clk 0:00:49]} 24. Qa3 {[%clk 0:00:35]} Nb7 {[%clk 0:00:46]} 25. Qxa7
{[%clk 0:00:32]} Rd7 {[%clk 0:00:48]} 26. Qa3 {[%clk 0:00:29]} Nxd6
{[%clk 0:00:46]} 27. exd6 {[%clk 0:00:29]} Rxd6 {[%clk 0:00:47]} 28. Re1
{[%clk 0:00:28]} Kg8 {[%clk 0:00:46]} 29. Rfe2 {[%clk 0:00:26]} Rcd8
{[%clk 0:00:46]} 30. Qc1 {[%clk 0:00:25]} Bd5 {[%clk 0:00:46]} 31. Nh5
{[%clk 0:00:23]} Qh4 {[%clk 0:00:44]} 32. Nf4 {[%clk 0:00:21]} Bc4
{[%clk 0:00:45]} 33. Rf2 {[%clk 0:00:18]} Qf6 {[%clk 0:00:34]} 34. a4
{[%clk 0:00:16]} e5 {[%clk 0:00:33]} 35. Nh5 {[%clk 0:00:17]} Qf7
{[%clk 0:00:33]} 36. Ng3 {[%clk 0:00:18]} Bb3 {[%clk 0:00:33]} 37. Rff1
{[%clk 0:00:15]} Bxa4 {[%clk 0:00:28]} 38. Rxe5 {[%clk 0:00:15]} Rd1
{[%clk 0:00:29]} 39. Qf4 {[%clk 0:00:13]} Rxf1+ {[%clk 0:00:28]} 40. Nxf1
{[%clk 0:00:14]} Bd7 {[%clk 0:00:28]} 41. h4 {[%clk 0:00:12]} Rc8
{[%clk 0:00:28]} 42. Ng3 {[%clk 0:00:12]} c4 {[%clk 0:00:28]} 43. Qd4
{[%clk 0:00:10]} Re8 {[%clk 0:00:28]} 44. Rxe8+ {[%clk 0:00:10]} Bxe8
{[%clk 0:00:28]} 45. Qe5 {[%clk 0:00:10]} Bd7 {[%clk 0:00:29]} 46. Ne2
{[%clk 0:00:10]} Kf8 {[%clk 0:00:27]} 47. Nf4 {[%clk 0:00:10]} Kg8
{[%clk 0:00:27]} 48. Kf2 {[%clk 0:00:11]} Kh7 {[%clk 0:00:28]} 49. h5
{[%clk 0:00:12]} Bc6 {[%clk 0:00:24]} 50. Qd6 {[%clk 0:00:12]} Qa7+
{[%clk 0:00:25]} 51. Kg3 {[%clk 0:00:12]} Be8 {[%clk 0:00:22]} 52. Qe6
{[%clk 0:00:12]} Qd7 {[%clk 0:00:23]} 53. Qe5 {[%clk 0:00:09]} Bf7
{[%clk 0:00:23]} 54. Qb8 {[%clk 0:00:08]} Qd2 {[%clk 0:00:22]} 55. Qe5
{[%clk 0:00:08]} Qd7 {[%clk 0:00:23]} 56. Kh2 {[%clk 0:00:08]} Qd2
{[%clk 0:00:22]} 57. Qxf5+ Kg8 {[%clk 0:00:23]} 58. Qe5 {[%clk 0:00:09]} Qf2
{[%clk 0:00:23]} 59. Nh3 {[%clk 0:00:09]} Qh4 {[%clk 0:00:23]} 60. Qb8+
{[%clk 0:00:08]} Kh7 {[%clk 0:00:24]} 61. Qf4 {[%clk 0:00:09]} Qxh5
{[%clk 0:00:24]} 62. Kg1 {[%clk 0:00:10]} Qc5+ {[%clk 0:00:24]} 63. Nf2
{[%clk 0:00:10]} Kg8 {[%clk 0:00:25]} 64. Kf1 {[%clk 0:00:10]} Qb5
{[%clk 0:00:25]} 65. Ne4 {[%clk 0:00:11]} Qd5 {[%clk 0:00:25]} 66. Kf2
{[%clk 0:00:11]} Qe6 {[%clk 0:00:25]} 67. Nd6 {[%clk 0:00:11]} Bg6
{[%clk 0:00:16]} 68. Qxc4 {[%clk 0:00:11]} Qxc4 {[%clk 0:00:17]} 69. Nxc4
{[%clk 0:00:12]} Kf8 {[%clk 0:00:17]} 70. Ke3 {[%clk 0:00:13]} Ke7
{[%clk 0:00:18]} 71. Kd4 {[%clk 0:00:13]} Kf6 {[%clk 0:00:18]} 72. Ne3
{[%clk 0:00:13]} Kg5 {[%clk 0:00:19]} 73. Ke5 {[%clk 0:00:14]} Kh4
{[%clk 0:00:16]} 74. Kf4 {[%clk 0:00:14]} Bd3 {[%clk 0:00:14]} 75. g3+
{[%clk 0:00:14]} Kh5 {[%clk 0:00:14]} 76. c4 {[%clk 0:00:13]} g5+
{[%clk 0:00:12]} 77. Ke5 {[%clk 0:00:14]} Kg6 {[%clk 0:00:12]} 78. c5
{[%clk 0:00:15]} h5 {[%clk 0:00:12]} 79. c6 {[%clk 0:00:14]} h4 {[%clk 0:00:13]}
80. gxh4 {[%clk 0:00:15]} gxh4 {[%clk 0:00:14]} 81. Ng2 {[%clk 0:00:17]} Kg5
{[%clk 0:00:14]} 82. c7 {[%clk 0:00:16]} Ba6 {[%clk 0:00:14]} 83. Nxh4
{[%clk 0:00:14]} Kxh4 {[%clk 0:00:15]} 84. f4 {[%clk 0:00:15]} Bc8
{[%clk 0:00:13]} 85. f5 {[%clk 0:00:11]} Kg5 {[%clk 0:00:14]} 86. f6
{[%clk 0:00:12]} Kg6 {[%clk 0:00:15]} 87. Kd6 1/2-1/2

[Event "Blitz 2018"]
[Site "Saint-Petersburg"]
[Date "2018.12.29"]
[Round "11"]
[Board "12"]
[White "Mamedov Rauf (AZE)"]
[Black "Cheparinov Ivan (GEO)"]
[Result "1/2-1/2"]
[LiveChessVersion "1.4.8"]
[BlackElo "2618"]
[WhiteElo "2741"]

1. e4 {[%clk 0:03:03]} c6 {[%clk 0:03:03]} 2. Nc3 {[%clk 0:03:03]} d5
{[%clk 0:03:04]} 3. Qe2 {[%clk 0:03:04]} d4 4. Nd1 c5 {[%clk 0:02:57]} 5. f4
{[%clk 0:03:06]} Nc6 6. Nf3 Qc7 {[%clk 0:02:46]} 7. d3 {[%clk 0:03:07]} e5
{[%clk 0:02:43]} 8. g3 {[%clk 0:03:05]} Bd6 {[%clk 0:02:42]} 9. f5
{[%clk 0:03:04]} Nge7 {[%clk 0:02:31]} 10. Bg2 {[%clk 0:03:01]} Bd7
{[%clk 0:02:30]} 11. c4 {[%clk 0:02:53]} f6 {[%clk 0:02:27]} 12. O-O
{[%clk 0:02:50]} O-O-O {[%clk 0:02:24]} 13. a3 {[%clk 0:02:31]} Kb8
{[%clk 0:02:21]} 14. Bd2 {[%clk 0:02:28]} a5 {[%clk 0:02:19]} 15. b3
{[%clk 0:02:20]} g6 {[%clk 0:02:16]} 16. g4 {[%clk 0:02:20]} h5 {[%clk 0:02:13]}
17. g5 {[%clk 0:02:20]} gxf5 18. gxf6 Ng6 {[%clk 0:02:04]} 19. exf5
{[%clk 0:02:22]} Nf4 {[%clk 0:02:01]} 20. Bxf4 {[%clk 0:02:22]} exf4
{[%clk 0:02:02]} 21. Nh4 {[%clk 0:01:51]} Rde8 {[%clk 0:01:43]} 22. Be4
{[%clk 0:01:45]} Qd8 {[%clk 0:01:33]} 23. f7 {[%clk 0:01:37]} Qxh4
{[%clk 0:01:30]} 24. fxe8=Q+ {[%clk 0:01:37]} Rxe8 {[%clk 0:01:31]} 25. Qf2
{[%clk 0:01:31]} Qf6 {[%clk 0:01:26]} 26. Kh1 {[%clk 0:01:12]} Ne5
{[%clk 0:01:21]} 27. Qg2 {[%clk 0:01:03]} f3 {[%clk 0:01:00]} 28. Qh3
{[%clk 0:00:54]} Qg5 {[%clk 0:00:46]} 29. Qg3 {[%clk 0:00:45]} Qf6
{[%clk 0:00:41]} 30. Qh3 {[%clk 0:00:45]} Qg5 {[%clk 0:00:41]} 31. Qg3
{[%clk 0:00:41]} Qf6 {[%clk 0:00:40]} 32. Qh3 {[%clk 0:00:41]} Qg5
{[%clk 0:00:40]} 1/2-1/2

[Event "Blitz 2018"]
[Site "Saint-Petersburg"]
[Date "2018.12.29"]
[Round "11"]
[Board "13"]
[White "Zubov Alexander (UKR)"]
[Black "Ghaem Maghami Ehsan (IRI)"]
[Result "1/2-1/2"]
[LiveChessVersion "1.4.8"]
[BlackElo "2582"]
[WhiteElo "2729"]

1. d4 {[%clk 0:03:03]} Nf6 {[%clk 0:03:04]} 2. Nf3 {[%clk 0:03:03]} e6
{[%clk 0:03:05]} 3. c4 {[%clk 0:03:02]} Bb4+ {[%clk 0:03:05]} 4. Nbd2
{[%clk 0:03:00]} d5 {[%clk 0:03:06]} 5. e3 {[%clk 0:02:58]} O-O {[%clk 0:03:06]}
6. a3 {[%clk 0:02:51]} Be7 {[%clk 0:03:07]} 7. b3 {[%clk 0:02:52]} b6
{[%clk 0:03:08]} 8. Bb2 {[%clk 0:02:53]} Bb7 {[%clk 0:03:09]} 9. Bd3
{[%clk 0:02:53]} Nbd7 {[%clk 0:03:11]} 10. O-O {[%clk 0:02:53]} c5
{[%clk 0:03:12]} 11. Qe2 {[%clk 0:02:51]} Rc8 {[%clk 0:02:47]} 12. Rac1
{[%clk 0:02:48]} cxd4 {[%clk 0:02:40]} 13. exd4 {[%clk 0:02:48]} Bd6
{[%clk 0:02:36]} 14. Rc2 {[%clk 0:02:31]} Qe7 {[%clk 0:02:30]} 15. a4
{[%clk 0:02:30]} Rfe8 {[%clk 0:02:19]} 16. Ne5 {[%clk 0:02:28]} Nf8
{[%clk 0:02:08]} 17. f4 {[%clk 0:02:18]} Bb4 {[%clk 0:01:47]} 18. Ba1
{[%clk 0:02:04]} Red8 {[%clk 0:01:44]} 19. f5 {[%clk 0:01:46]} Re8
{[%clk 0:01:42]} 20. Qf2 {[%clk 0:01:42]} dxc4 {[%clk 0:01:36]} 21. bxc4
{[%clk 0:01:41]} Bxd2 {[%clk 0:01:33]} 22. Rxd2 {[%clk 0:01:29]} Be4
{[%clk 0:01:11]} 23. fxe6 {[%clk 0:01:21]} fxe6 {[%clk 0:01:04]} 24. Be2
{[%clk 0:01:09]} N8d7 {[%clk 0:00:56]} 25. Qe3 {[%clk 0:01:03]} Bb7
{[%clk 0:00:44]} 26. Bd3 {[%clk 0:00:58]} Nxe5 {[%clk 0:00:35]} 27. Qxe5
{[%clk 0:00:55]} Ba6 {[%clk 0:00:21]} 28. Rc2 {[%clk 0:00:51]} Qc7
{[%clk 0:00:07]} 29. Qg5 {[%clk 0:00:48]} Qe7 {[%clk 0:00:05]} 30. h3
{[%clk 0:00:38]} Rf8 {[%clk 0:00:05]} 31. Re1 {[%clk 0:00:38]} Qd7
{[%clk 0:00:04]} 32. Re3 {[%clk 0:00:36]} Qxa4 {[%clk 0:00:04]} 33. Bb2
{[%clk 0:00:24]} Bxc4 {[%clk 0:00:03]} 34. d5 {[%clk 0:00:18]} Bxd3
{[%clk 0:00:03]} 35. Rxc8 {[%clk 0:00:20]} Qd1+ {[%clk 0:00:04]} 36. Kh2
{[%clk 0:00:19]} Rxc8 {[%clk 0:00:04]} 37. Bxf6 {[%clk 0:00:19]} Bg6
{[%clk 0:00:06]} 38. Be5 {[%clk 0:00:16]} Qxd5 {[%clk 0:00:06]} 39. Qe7
{[%clk 0:00:16]} Bf7 {[%clk 0:00:06]} 40. Qg5 {[%clk 0:00:17]} Bg6
{[%clk 0:00:08]} 41. Qe7 {[%clk 0:00:12]} Bf7 {[%clk 0:00:08]} 42. Qg5
{[%clk 0:00:08]} Bg6 {[%clk 0:00:10]} 43. h4 {[%clk 0:00:09]} Qd8 44. Qg3
{[%clk 0:00:10]} Qe7 {[%clk 0:00:12]} 45. Re2 {[%clk 0:00:10]} Qf7
{[%clk 0:00:13]} 46. Rf2 {[%clk 0:00:11]} Bf5 {[%clk 0:00:15]} 47. Qf4
{[%clk 0:00:12]} Qg6 {[%clk 0:00:16]} 48. Rf3 {[%clk 0:00:13]} h5
{[%clk 0:00:17]} 49. Rg3 {[%clk 0:00:12]} Bg4 {[%clk 0:00:18]} 50. Qd4
{[%clk 0:00:12]} Rf8 {[%clk 0:00:17]} 51. Rc3 {[%clk 0:00:11]} Rf7
{[%clk 0:00:16]} 52. Rc8+ {[%clk 0:00:12]} Rf8 53. Rc7 {[%clk 0:00:12]} Rf7
{[%clk 0:00:17]} 54. Qd8+ {[%clk 0:00:13]} Kh7 {[%clk 0:00:17]} 55. Rc8
{[%clk 0:00:14]} Qf5 {[%clk 0:00:17]} 56. Qd4 {[%clk 0:00:11]} Qf2
{[%clk 0:00:14]} 57. Qe4+ {[%clk 0:00:09]} Qf5 {[%clk 0:00:11]} 58. Qd4
{[%clk 0:00:09]} Qf2 {[%clk 0:00:11]} 59. Qd3+ {[%clk 0:00:05]} Bf5
{[%clk 0:00:10]} 60. Qc4 {[%clk 0:00:06]} Qe3 {[%clk 0:00:10]} 61. Bg3
{[%clk 0:00:06]} Qe4 {[%clk 0:00:09]} 62. Qc3 {[%clk 0:00:05]} Kg6
{[%clk 0:00:10]} 63. Rh8 {[%clk 0:00:06]} Qg4 {[%clk 0:00:08]} 64. Qc8
{[%clk 0:00:07]} Be4 {[%clk 0:00:06]} 65. Qg8 {[%clk 0:00:07]} Kf6
{[%clk 0:00:06]} 66. Qd8+ Kg6 67. Re8 {[%clk 0:00:06]} Rf2 {[%clk 0:00:07]} 68.
Rxe6+ {[%clk 0:00:04]} Qxe6 {[%clk 0:00:08]} 69. Bxf2 {[%clk 0:00:05]} Qc6
{[%clk 0:00:05]} 70. Qg5+ {[%clk 0:00:04]} Kf7 {[%clk 0:00:05]} 71. Qxh5+
{[%clk 0:00:05]} Qg6 {[%clk 0:00:07]} 72. Qxg6+ {[%clk 0:00:06]} Kxg6
{[%clk 0:00:07]} 73. g4 {[%clk 0:00:07]} Bf3 {[%clk 0:00:08]} 74. Kg3
{[%clk 0:00:09]} Bd1 {[%clk 0:00:09]} 75. Kf4 {[%clk 0:00:10]} Kf7
{[%clk 0:00:11]} 76. Kg5 {[%clk 0:00:11]} g6 {[%clk 0:00:10]} 77. Be3
{[%clk 0:00:13]} Ke6 {[%clk 0:00:10]} 78. h5 {[%clk 0:00:07]} gxh5 79. gxh5
{[%clk 0:00:08]} Kd5 {[%clk 0:00:12]} 80. h6 {[%clk 0:00:09]} Bc2
{[%clk 0:00:13]} 81. Kf4 {[%clk 0:00:10]} Kc6 {[%clk 0:00:12]} 82. Bd4
{[%clk 0:00:11]} a5 {[%clk 0:00:12]} 83. Ke3 {[%clk 0:00:12]} Bh7
{[%clk 0:00:12]} 84. Bc3 {[%clk 0:00:12]} Kb5 {[%clk 0:00:14]} 85. Kd2
{[%clk 0:00:12]} Ka4 {[%clk 0:00:15]} 86. Kc1 {[%clk 0:00:12]} b5
{[%clk 0:00:15]} 87. Kb2 {[%clk 0:00:13]} b4 {[%clk 0:00:16]} 88. Bf6 Kb5 89. Ka2
{[%clk 0:00:15]} Bg8+ {[%clk 0:00:18]} 90. Kb2 a4 91. Be7 {[%clk 0:00:16]} Kc4
{[%clk 0:00:21]} 92. Bxb4 {[%clk 0:00:15]} Kxb4 1/2-1/2

[Event "Blitz 2018"]
[Site "Saint-Petersburg"]
[Date "2018.12.29"]
[Round "11"]
[Board "14"]
[White "Yudin Sergei (RUS)"]
[Black "Gelfand Boris (ISR)"]
[Result "0-1"]
[LiveChessVersion "1.4.8"]
[BlackElo "2722"]
[WhiteElo "2533"]

1. e4 {[%clk 0:03:02]} c5 {[%clk 0:03:04]} 2. Nf3 {[%clk 0:03:03]} Nc6
{[%clk 0:03:05]} 3. c3 {[%clk 0:03:02]} Nf6 {[%clk 0:03:06]} 4. e5
{[%clk 0:03:02]} Nd5 {[%clk 0:03:07]} 5. Bc4 {[%clk 0:02:56]} Nb6
{[%clk 0:03:08]} 6. Bb3 {[%clk 0:02:57]} d6 {[%clk 0:03:04]} 7. exd6
{[%clk 0:02:58]} Qxd6 {[%clk 0:03:05]} 8. O-O {[%clk 0:02:58]} Be6
{[%clk 0:03:02]} 9. Bxe6 {[%clk 0:02:58]} Qxe6 {[%clk 0:03:04]} 10. a4
{[%clk 0:02:59]} Qd7 {[%clk 0:02:58]} 11. a5 {[%clk 0:03:00]} Nd5
{[%clk 0:02:59]} 12. a6 {[%clk 0:02:58]} b6 {[%clk 0:03:01]} 13. d4
{[%clk 0:02:59]} cxd4 {[%clk 0:02:55]} 14. Nxd4 {[%clk 0:02:59]} Rd8
{[%clk 0:02:52]} 15. Nb5 {[%clk 0:02:17]} e6 {[%clk 0:02:42]} 16. Qa4
{[%clk 0:02:04]} Nc7 {[%clk 0:02:12]} 17. Nxc7+ {[%clk 0:01:57]} Qxc7
{[%clk 0:02:13]} 18. Bf4 {[%clk 0:01:48]} Bd6 {[%clk 0:02:11]} 19. Bxd6
{[%clk 0:01:47]} Qxd6 {[%clk 0:01:43]} 20. Na3 {[%clk 0:01:47]} O-O
{[%clk 0:01:42]} 21. Rad1 {[%clk 0:01:43]} Qc7 {[%clk 0:01:31]} 22. Nb5
{[%clk 0:01:41]} Qc8 {[%clk 0:01:32]} 23. Qc4 {[%clk 0:01:34]} Rxd1
{[%clk 0:01:10]} 24. Rxd1 {[%clk 0:01:35]} Rd8 {[%clk 0:01:11]} 25. Rxd8+
{[%clk 0:01:07]} Qxd8 {[%clk 0:01:12]} 26. h3 {[%clk 0:00:59]} Qd7
{[%clk 0:01:05]} 27. Qf4 {[%clk 0:00:46]} e5 {[%clk 0:00:43]} 28. Qe4
{[%clk 0:00:37]} g6 {[%clk 0:00:34]} 29. c4 {[%clk 0:00:34]} Kg7 {[%clk 0:00:28]}
30. Qd5 {[%clk 0:00:33]} Qxd5 {[%clk 0:00:25]} 31. cxd5 {[%clk 0:00:34]} Nb8
{[%clk 0:00:22]} 32. Nc7 {[%clk 0:00:17]} Kf6 {[%clk 0:00:16]} 33. d6
{[%clk 0:00:13]} e4 {[%clk 0:00:18]} 34. Nd5+ {[%clk 0:00:09]} Ke6
{[%clk 0:00:15]} 35. Nxb6 {[%clk 0:00:10]} Kxd6 {[%clk 0:00:12]} 36. Nc8+
{[%clk 0:00:10]} Kc5 {[%clk 0:00:10]} 37. Nxa7 {[%clk 0:00:09]} Nxa6
{[%clk 0:00:11]} 38. Kf1 {[%clk 0:00:05]} Nb4 {[%clk 0:00:10]} 39. Ke2
{[%clk 0:00:04]} Nd5 {[%clk 0:00:11]} 40. g3 {[%clk 0:00:04]} Ne7
{[%clk 0:00:10]} 41. Ke3 {[%clk 0:00:04]} f5 {[%clk 0:00:09]} 42. Kf4
{[%clk 0:00:04]} Kb6 {[%clk 0:00:09]} 43. Ke5 {[%clk 0:00:05]} Kxa7
{[%clk 0:00:10]} 44. Ke6 {[%clk 0:00:06]} Nc6 {[%clk 0:00:09]} 45. h4
{[%clk 0:00:06]} Nb4 {[%clk 0:00:11]} 46. h5 {[%clk 0:00:05]} Nd3
{[%clk 0:00:11]} 47. h6 {[%clk 0:00:05]} Nxf2 {[%clk 0:00:12]} 0-1